Online
Catalog

Breeding the racehorse / (Record no. 34710)

MARC details
000 -CABECERA
campo de control de longitud fija 00517nam a2200157 a 4500
001 - NÚMERO DE CONTROL
campo de control 000035219
005 - FECHA Y HORA DE LA ÚLTIMA TRANSACCIÓN
campo de control 20200930074202.0
008 - DATOS DE LONGITUD FIJA--INFORMACIÓN GENERAL
campo de control de longitud fija 111026s1958 enka 000 0 spa d
040 ## - FUENTE DE LA CATALOGACIÓN
Centro catalogador/agencia de origen DO-SdBNP
Lengua de catalogación spa
Centro/agencia transcriptor BNPHU
082 ## - NÚMERO DE LA CLASIFICACIÓN DECIMAL DEWEY
Número de clasificación xxx
Número de documento/Ítem T337b
100 1# - ENTRADA PRINCIPAL--NOMBRE DE PERSONA
Nombre de persona Tesio, Federico
9 (RLIN) 60970
245 10 - MENCIÓN DE TÍTULO
Título Breeding the racehorse /
Mención de responsabilidad, etc. Federico Tesio ; edited and translated Edward Spinola.
260 ## - PUBLICACIÓN, DISTRIBUCIÓN, ETC.
Lugar de publicación, distribución, etc. London, England :
Nombre del editor, distribuidor, etc. J.A. Allen & Company,
Fecha de publicación, distribución, etc. 1958.
300 ## - DESCRIPCIÓN FÍSICA
Extensión xv, 130 p. :
Otras características físicas il. ;
Dimensiones 22 cm.
700 1# - PUNTO DE ACCESO ADICIONAL--NOMBRE DE PERSONA
Nombre de persona Spinola, Edward,
Término indicativo de función/relación ed.
-- tr.
9 (RLIN) 60971
Holdings
Estado de retiro Estado de pérdida Restricciones de uso No para préstamo Código de colección Localización permanente Ubicación/localización actual Ubicación en estantería Fecha de adquisición Número de inventario Total de préstamos Signatura topográfica completa Código de barras Fecha visto por última vez Precio válido a partir de Tipo de ítem Koha
      Excluido de préstamo Monografías: Libros y Folletos General General En catalogación 26.10.2011 LF1   xxx T337b 35219-10 25.06.2020 25.06.2020 No se presta

Powered by Koha